Statistics for Mammals - Picture Quiz

Click here to take the quiz!

General Stats

  • This quiz has been taken 41 times
  • The average score is 5 of 8

Answer Stats

Answer% Correct
African Elephant
94%
Kangaroo
91%
Asiatic Lion
79%
Fox
79%
Giraffe
79%
Bengal Tiger
50%
White Tiger
38%
Crowned Lemur
3%

Score Distribution

Percentile by Number Answered

Percent of People with Each Score

Your Score History

You have not taken this quiz